A mad desire to dance / Elie Wiesel ; translated ... Read More
Available copies
- 3 of 3 copies available at LARL/NWRL Consortium. (Show)
- 1 of 1 copy available at Northwest Regional Library.
Current holds
0 current holds with 3 total copies.
Show All Copies
| Location | Call Number / Copy Notes | Barcode | Shelving Location | Status | Due Date |
|---|---|---|---|---|---|
| Roseau Public Library | WIE (Text) | 35500004422869 | Main | Available | - |
Record details
- ISBN: 9780307266507
- ISBN: 0307266508
- Physical Description: 271 p. ; 22 cm.
- Edition: 1st American ed.
- Publisher: New York : Alfred A. Knopf, 2009.
Content descriptions
| General Note: | "A Borzoi book"--T.p. verso. |
| Summary, etc.: | Sixty year-old Doriel Waldman, a Polish Jew born ... Read More |
Search for related items by subject
| Genre: | Psychological fiction. Psychological fiction. |
| LDR | 02181cam a2200469 a 4500 | ||
|---|---|---|---|
| 001 | 98717 | ||
| 003 | LARL_NWRL_CONSORTIUM | ||
| 005 | 20090312112627.0 | ||
| 008 | 080903s2009 nyu 000 1 eng | ||
| 010 | . | ‡a2008038951 | |
| 019 | . | ‡a232980269 ‡a304341572 | |
| 020 | . | ‡a9780307266507 | |
| 020 | . | ‡a0307266508 | |
| 035 | . | ‡a(OCoLC)245536766 ‡z(OCoLC)232980269 ‡z(OCoLC)304341572 | |
| 040 | . | ‡aDLC ‡cDLC ‡dBTCTA ‡dYDXCP ‡dDOV ‡dUPZ ‡dCBL ‡dMR0 ‡dIG# ‡dCDX ‡dVP@ | |
| 041 | 1 | . | ‡aeng ‡hfre |
| 043 | . | ‡an-us-ny | |
| 082 | 0 | 0. | ‡a843/.914 ‡222 |
| 100 | 1 | . | ‡aWiesel, Elie, ‡d1928- ‡0(LARL_NWRL_CONSORTIUM)2165 |
| 245 | 1 | 2. | ‡aA mad desire to dance / ‡cElie Wiesel ; translated from the French by Catherine Temerson. |
| 250 | . | ‡a1st American ed. | |
| 260 | . | ‡aNew York : ‡bAlfred A. Knopf, ‡c2009. | |
| 300 | . | ‡a271 p. ; ‡c22 cm. | |
| 500 | . | ‡a"A Borzoi book"--T.p. verso. | |
| 520 | . | ‡aSixty year-old Doriel Waldman, a Polish Jew born in 1936, is on the verge of insanity until Dr. Thérèse Goldschmidt draws him out with his story of surviving the Holocaust in hiding with his father while his mother made a reputation for herself in the Polish resistance--only to die in an accident shortly after the war. | |
| 655 | 7. | ‡aPsychological fiction. ‡2gsafd | |
| 655 | 7. | ‡aPsychological fiction. ‡2gsafd | |
| 650 | 0. | ‡aHolocaust survivors ‡vFiction. ‡0(LARL_NWRL_CONSORTIUM)165633 | |
| 650 | 0. | ‡aChildren of Holocaust survivors ‡vFiction. ‡0(LARL_NWRL_CONSORTIUM)171353 | |
| 650 | 0. | ‡aMothers and sons ‡vFiction. ‡0(LARL_NWRL_CONSORTIUM)166024 | |
| 650 | 0. | ‡aDybbuk ‡vFiction. | |
| 650 | 0. | ‡aCounselor and client ‡vFiction. | |
| 650 | 0. | ‡aImmigrants ‡zNew York (State) ‡zNew York ‡vFiction. | |
| 651 | 0. | ‡aNew York (N.Y.) ‡vFiction. ‡0(LARL_NWRL_CONSORTIUM)166410 | |
| 700 | 1 | . | ‡aTemerson, Catherine. ‡0(LARL_NWRL_CONSORTIUM)184554 |
| 901 | . | ‡a98717 ‡bOCLC ‡c98717 ‡tbiblio | |

Add to basket
Permalink
Disable Highlighting